عرض عادي
عرض مارك
- Chest
مدخل مصطلح موضوعي
001 - رقم الضبط
- حقل الضبط: 11132
003 - معرف رقم الضبط
- حقل الضبط: OSt
005 - تاريخ ووقت أخر عملية
- حقل الضبط: 20120417033127.0
008 - عناصر بيانات ثابتة الطول
- حقل تحكم ثابت الطول: 120417|||a|||||| | ||| d
040 ## - مصدر الفهرسة
- هيئة الفهرسة الأصلية: OSt
- وكالة الكتابة: OSt
150 ## - مدخل-- مصطلح تاريخي
- عنصر مدخل المصطلح الموضوعي او الاسم الجغرافي: Chest
- تفريع عام: Radiography
- تفريع شكلي: Case studies.
670 ## - بيانات المصدر موجوده
- الاستشهاد بالمصدر: Work cat.: (OSt)23514: Kirchner, Johannes, 1963- 11128, Chest radiology :, c2011.
